Kindheitsmuster : Roman /

Hlavní autor: Wolf, Christa, 1929-2011
Jazyk: Němčina
Vydáno: Hamburg : Luchterhand Literaturverlag, 1994
Témata:
Fyzický popis: 548 s.
Knihy
Uloženo v:
LEADER 00671nam a2200205 4500
001 000986824
003 CZ BrMZK
005 20180910152619.0
008 010825s1994 gw f ger
020 |a 3-630-86833-9 
040 |a BOA001  |b cze 
100 1 |a Wolf, Christa,  |d 1929-2011  |7 jn19990009239 
245 1 0 |a Kindheitsmuster :  |b Roman /  |c Christa Wolf 
260 |a Hamburg :  |b Luchterhand Literaturverlag,  |c 1994 
300 |a 548 s. 
655 7 |a romány  |7 fd133289  |2 czenas 
910 |a BOA001  |b NK-0002.877 
990 |a BK 
991 |z 000014090  |x 44 
996 7 |b 261D003693  |c NK-0002.877  |l Německá knihovna/2.patro  |r ZHR  |n 16  |p {B-02.877}  |h B-wol  |w 000986824  |u 000010  |a 0  |e BOA001  |j MZK50  |s A